Fr. Conceicao Rodrigues College of Engineering

Basic Electrical Engineering (Record no. 25704)

MARC details
000 -LEADER
fixed length control field 00256nam a2200121Ia 4500
100 ## - MAIN ENTRY--PERSONAL NAME
Personal name Mehta/V.K/ Mehta/R
245 ## - TITLE STATEMENT
Title Basic Electrical Engineering
260 ## - PUBLICATION, DISTRIBUTION, ETC.
Name of publisher, distributor, etc. S.Chand and Co.
546 ## - LANGUAGE NOTE
Language note ENGLISH
650 ## - SUBJECT ADDED ENTRY--TOPICAL TERM
Topical term or geographic name entry element Electrical
942 ## - ADDED ENTRY ELEMENTS (KOHA)
Koha item type BOOK
Holdings
Withdrawn status Lost status Damaged status Not for loan Collection Home library Current library Date acquired Total Checkouts Full call number Barcode Date last seen Date last checked out Price effective from Koha item type
        CRC Fr. Agnel's C.Rodrigues College of Engineering Fr. Agnel's C.Rodrigues College of Engineering 17/03/2023 3 18960 12/03/2026 04/03/2026   BOOK